| 000 | 00000nam##2200000za#4500 |
| 001 | 9.662026 |
| 003 | CaOODSP |
| 005 | 20200330140712 |
| 007 | ta |
| 008 | 150407|2000||||xxc||||| f|0| 0 fre|d |
| 020 | |a0-662-65106-5 |
| 040 | |aCaOODSP|bfre |
| 041 | |aeng |
| 041 | |afre |
| 043 | |an-cn--- |
| 086 | 1 |aSW21-58/2000 |
| 110 | 1 |aCanada. |bCondition féminine Canada. |
| 245 | 10|aD'hier et d'aujourd'hui, les femmes francophones au Canada |
| 260 | |aOttawa - Ontario : |bCondition féminine Canada |c2000. |
| 546 | |aBilingue |
| 563 | |aDépliant |
| 590 | |a00-29|b2000-07-21 |
| 691 | 07|aFrancophonie|2gcpds |
| 691 | 07|aCondition de la femme|2gcpds |
| 776 | 0#|tD'hier et d'aujourd'hui, les femmes francophones au Canada |w(CaOODSP)9.642522 |
| 776 | 0#|tYesterday and today, francophone women in Canada |w(CaOODSP)9.698515 |
| 791 | |tYesterday and today, francophone women in Canada |eeng|w(CaOODSP)9.662025 |